Kohtute seadus

Titel: Kohtute seadus
darin enthalten: Kohtuniku staatuse seadus
Vastu võetud 23. oktoobril 1991. a.
Veröffentlicht: Tallinn, 1993
Umfang: 23 S.
Format: Buch
Sprache: Estnisch
Kein Bild verfügbar
X
Lokale Klassifikation: 47 12 B ; 47 12 M
alg: 2760374
001A    $03004:06-01-94 
001B    $01999:14-04-21 $t19:51:01.000 
001C    $03004:29-07-13 $t14:39:34.000 
001D    $09999:99-99-99 
001U    $0utf8 
001X    $00 
002@    $0Aau 
003@    $0027603741 
003O    $0611966223 $aOCoLC 
007A    $0027603741 $aHEB 
007T    $0Herdhh027603741 
010@    $aest 
011@    $a1993 
013H    $0l 
015@    $0Z 
021A    $aKohtute seadus 
021M    $aKohtuniku staatuse seadus 
021N    $aVastu võetud 23. oktoobril 1991. a. 
027A/01 $aKohtuniku staatuse seadus 
033A    $pTallinn 
034D    $a23 S. 
045F    $a340.09 $eDDC23BSB 
045F/01 $a340.09 
045F/03 $g4798 

lok: 2760374 24
101B    $030-03-10 $t16:53:34.000 
101U    $0utf8 
145Z/01 $a47 12 B 
145Z/02 $a47 12 M 

exp: 2760374 24 1 #EPN
201B/01 $030-03-10 $t16:53:34.000 
201U/01 $0utf8 
203@/01 $0086421573 
208@/01 $a06-01-94 $bh 
209A/01 $aS 12446 $du $f050 $hS 12446 $x00 
209C/01 $aG 93.1342 $h93 1342 G 
209G/01 $a72607414 $x00 
247C/01 $8358050-7 Marburg, Bibliothek des Herder-Instituts Marburg $9102600961 

lok: 2760374 78

exp: 2760374 78 1 #EPN
201B/01 $019-04-17 $t17:00:38.000 
201U/01 $0utf8 
203@/01 $079283321X 
208@/01 $a12-11-16 $be 
209A/01 $a/ $f000 $x00 
237A/01 $aweiterführende Signatur(en): Herder-Institut: S 12446 
244Z/01 $2Trx $#Estija $#Igaunija $#Estland $#Estonia $#Estonia $#Estónsko $#Estonsko $8--Trx--Eesti $x01 $9391237225 
245Z/01 $a07.02 $x01 
247C/01 $82080>Marburg/Lahn, Herder-Institut, Forschungsbibliothek, Bibliographieportal $9336309341
LEADER 00000cam a2200000 c 4500
001 027603741
003 DE-603
005 20210414195101.0
007 tu
008 940106s1993 xx |||| | u00||u|est c
035 |a (DE-599)HEB027603741 
035 |a (OCoLC)611966223 
040 |a DE-603  |b ger  |c DE-603  |d DE-603 
041 |a est 
082 0 4 |8 1\u  |a 340.09  |q DE-101  |2 23/BSB 
085 |8 1\u  |b 340.09 
085 |8 1\u  |z 2  |s 4798 
245 0 0 |a Kohtute seadus 
246 1 3 |a Kohtuniku staatuse seadus 
249 |a Kohtuniku staatuse seadus  |b Vastu võetud 23. oktoobril 1991. a. 
264 1 |a Tallinn  |c 1993 
300 |a 23 S. 
924 0 |9 Mb 50  |a (DE-603)086421573  |b DE-Mb50  |c HES  |d c  |g S 12446 
924 0 |9 2080  |a (DE-603)79283321X  |b DE-2080  |c HES  |d d  |g /